Polyfunkčný objekt s prevládajúcou funkciou bývania v Bratislave – Ružinove
Uložené v:
| Hlavný autor: | |
|---|---|
| Ďalší autori: | |
| Médium: | Rukopis Kniha |
| Jazyk: | Slovak |
| Vydavateľské údaje: |
Bratislava
2016
|
| Predmet: | |
| On-line prístup: | http://is.stuba.sk/zp/portal_zp.pl?podrobnosti=112322 |
| Tagy: |
Žiadne tagy, Buďte prvý, kto otaguje tento záznam!
|
MARC
| LEADER | 00000ntm a22000003a 4500 | ||
|---|---|---|---|
| 001 | stuzp51931 | ||
| 003 | SK-STU | ||
| 005 | 20210224132031.3 | ||
| 007 | ta | ||
| 008 | 150427s2015----xo-----f-mn---000-0-slo-d | ||
| 040 | |a STU |b slo | ||
| 041 | 0 | |a slo | |
| 100 | 1 | |a Vilček, Anton |u 051110 |4 aut |U FAD Fakulta architektúry |T FA Ústav architektúry obytných budov |X 68292 |U A1110 |Y 392 |7 A000068292 | |
| 242 | 0 | 1 | |a mixed use building bratislava nove mesto |y eng |
| 245 | 1 | 0 | |a Polyfunkčný objekt s prevládajúcou funkciou bývania v Bratislave – Ružinove |
| 260 | |c 2016 |a Bratislava | ||
| 650 | 4 | |a bývanie |2 slo | |
| 650 | 4 | |a park |2 slo | |
| 650 | 4 | |a mesto |2 slo | |
| 650 | 4 | |a living |2 eng | |
| 650 | 4 | |a park |2 eng | |
| 650 | 4 | |a city |2 eng | |
| 700 | 1 | |a Puškár, Branislav |u 051110 |k Z1 |4 ths |U FAD Fakulta architektúry |T FA Ústav architektúry obytných budov |X 5199 |U A1110 |Y 392 |7 A000005199 | |
| 856 | 4 | |u http://is.stuba.sk/zp/portal_zp.pl?podrobnosti=112322 |u https://opac.crzp.sk/?fn=detailBiblioForm&sid=1C7524EE209F6A36F2FE9647A9DE | |
| SQL | |a stuzp51931 |b DDP |c SLO |d Polyfunkčný objekt s prevládajúcou funkciou bývania v Bratislave – Novom Meste |e 68292 |f Vilček, Anton |g 051110 |h 5199 |i Puškár, Branislav |j 20160602 |k 153 |l 05 |m http://is.stuba.sk/zp/portal_zp.pl?podrobnosti=112322 |n I-ARCH |o 5.1.1. architektúra a urbanizmus | ||